000 00337 a2200157 4500
001 73604
020 _a858854330-3
040 _cAnchieta - Colégio São Paulo
100 _aCardoso, Antonio
240 1 0 _aA "Fortuna"
_lpor
245 1 0 _aA "Fortuna"
300 _a93
362 0 _a2004
650 4 _aFicção brasileira
942 _cBK
999 _c73604
_d73604